[Event "COL-ch"]
[Site "Boyaca"]
[Date "2022.08.18"]
[Round "3"]
[White "Gomez Viana, Duvan Leandro"]
[Black "Varela Sanchez, David Yoel"]
[Result "0-1"]
[WhiteElo "1757"]
[BlackElo "1320"]
[PlyCount "76"]
[EventDate "2022.08.17"]
[EventType "swiss"]
[EventRounds "9"]
[EventCountry "COL"]
[SourceTitle "CBM 210 Extra"]
[Source "ChessBase"]
[SourceDate "2022.11.30"]
[SourceVersion "1"]
[SourceVersionDate "2022.11.30"]
[SourceQuality "1"]

1. e4 e5 2. Nf3 Nc6 3. Bb5 a6 4. Ba4 Nge7 5. c3 g6 6. d4 exd4 7. cxd4 d5 8. exd5 Nxd5 9. Nc3 Bg7 10. Bg5 Qd6 11. 0-0 0-0 12. Ne4 Qb4 13. Bxc6 bxc6 14. Qd3 Bf5 15. Bd2 Qe7 16. Rfe1 Rfe8 17. Bg5 f6 18. Nxf6+ Bxf6 19. Qc4 Qd6 20. Bxf6 Qxf6 21. Ne5 Qe6 22. f3 Ne7 23. Qa4 Qd6 24. Rac1 Bd7 25. Rc5 Nf5 26. Rd1 Ne7 27. Qc2 Rab8 28. a3 Rb5 29. Rc4 Reb8 30. b4 a5 31. bxa5 Rxa5 32. Qc1 Rba8 33. Rc3 Be8 34. Nc4 Qd5 35. Nxa5 Qxa5 36. Qe3 Nd5 37. Qe6+ Bf7 38. Qxc6 Nxc3 0-1

[Event "Cartagena Plazuela op"]
[Site "Cartagena"]
[Date "2022.07.23"]
[Round "5"]
[White "Varela Sanchez, David Yoel"]
[Black "Fernandez Noriega, Shayra Maria"]
[Result "1-0"]
[WhiteElo "1342"]
[BlackElo "1267"]
[PlyCount "65"]
[EventDate "2022.07.21"]
[EventType "swiss"]
[EventRounds "6"]
[EventCountry "COL"]
[SourceTitle "CBM 209 Extra"]
[Source "ChessBase"]
[SourceDate "2022.09.30"]
[SourceVersion "1"]
[SourceVersionDate "2022.09.30"]
[SourceQuality "1"]

1. e4 e5 2. Nf3 Nc6 3. d4 d6 4. dxe5 dxe5 5. Qxd8+ Kxd8 6. Bc4 f6 7. Be3 b6 8. Nc3 Bb4 9. 0-0-0+ Bd7 10. Nd5 Nge7 11. Nxb4 Nxb4 12. Be6 Nxa2+ 13. Kb1 Nb4 14. Bxd7 Rb8 15. c3 Na6 16. Bb5+ Kc8 17. Bxa6+ Rb7 18. Bxb7+ Kxb7 19. Rd7 Nc8 20. Rxg7 Nd6 21. Rd1 Rd8 22. Rxh7 Kb8 23. Nh4 Rc8 24. Nf5 Nxe4 25. f3 Nc5 26. Bxc5 bxc5 27. Rdd7 e4 28. fxe4 c4 29. Nd6 f5 30. Nxc8 Kxc8 31. Rxc7+ Kd8 32. Rxa7 Ke8 33. Ra8# 1-0

[Event "Cartagena Plazuela op"]
[Site "Cartagena"]
[Date "2022.07.22"]
[Round "3"]
[White "Varela Sanchez, David Yoel"]
[Black "Torres Clavijo, Jose Manuel"]
[Result "0-1"]
[WhiteElo "1342"]
[BlackElo "1570"]
[PlyCount "120"]
[EventDate "2022.07.21"]
[EventType "swiss"]
[EventRounds "6"]
[EventCountry "COL"]
[SourceTitle "CBM 209 Extra"]
[Source "ChessBase"]
[SourceDate "2022.09.30"]
[SourceVersion "1"]
[SourceVersionDate "2022.09.30"]
[SourceQuality "1"]

1. e4 e5 2. Nf3 Nc6 3. d4 exd4 4. Nxd4 Nf6 5. Nc3 Bb4 6. Nxc6 bxc6 7. Bd3 0-0 8. 0-0 Bxc3 9. bxc3 a5 10. Bg5 h6 11. Bh4 d6 12. Re1 Re8 13. Qf3 Ba6 14. Rad1 Bxd3 15. cxd3 Re6 16. Qh3 Qe8 17. f4 Rb8 18. Re3 Nd5 19. Rg3 Nxf4 20. Qg4 Ng6 21. Rh3 Nxh4 22. Qxh4 Qe7 23. Qf2 Rb6 24. Rg3 Rf6 25. Qd2 Qe5 26. Re1 Qc5+ 27. d4 Qa3 28. e5 Re6 29. Rf1 d5 30. h3 Rb2 31. Qe3 Rxa2 32. Rf6 Ra1+ 33. Kh2 Qc1 34. Qxc1 Rxc1 35. Rf2 Ra1 36. Rc2 c5 37. Rd3 c4 38. Rdd2 Ra3 39. Rd1 Kf8 40. Rdc1 Rb6 41. Rf1 Ke7 42. Rcf2 f6 43. Rf3 Re6 44. h4 c5 45. exf6+ Rxf6 46. Rxf6 gxf6 47. dxc5 Rxc3 48. c6 Re3 49. Ra1 Kd6 50. c7 Kxc7 51. Rxa5 Kd6 52. Kg1 c3 53. Ra6+ Ke5 54. Rc6 d4 55. Kf2 Rd3 56. Ke2 Rd2+ 57. Kf3 c2 58. Rc5+ Kd6 59. Rc8 d3 60. Ke3 Rd1 0-1

[Event "COL Subzt 2.3.4"]
[Site "Risarald"]
[Date "2021.11.24"]
[Round "2"]
[White "Garzon Camelo, Andres Santiago"]
[Black "Varela Sanchez, David Yoel"]
[Result "1-0"]
[WhiteElo "1685"]
[BlackElo "1257"]
[PlyCount "59"]
[EventDate "2021.11.23"]
[EventType "swiss"]
[EventRounds "9"]
[EventCountry "COL"]
[SourceTitle "CBM 205 Extra"]
[Source "ChessBase"]
[SourceDate "2022.01.31"]
[SourceVersion "1"]
[SourceVersionDate "2022.01.31"]
[SourceQuality "1"]

1. e4 e5 2. Nf3 Nc6 3. Bb5 a6 4. Ba4 Nge7 5. c3 g6 6. d4 exd4 7. cxd4 Bg7 8. Be3 0-0 9. Nc3 Kh8 10. d5 Ne5 11. Nxe5 Bxe5 12. Bd4 d6 13. f4 Bxd4 14. Qxd4+ f6 15. 0-0 Kg8 16. Bb3 f5 17. e5 b6 18. Rae1 Rf7 19. Re2 Rg7 20. Rfe1 Bd7 21. exd6 cxd6 22. Qf6 Rf7 23. Qxd6 Kf8 24. Qe5 Ng8 25. d6 Rg7 26. Nd5 Bb5 27. Nc7 Bxe2 28. Ne6+ Kf7 29. Nxd8+ Kf8 30. Ne6+ 1-0

[Event "COL Subzt 2.3.4"]
[Site "Risarald"]
[Date "2021.11.23"]
[Round "1"]
[White "Varela Sanchez, David Yoel"]
[Black "Mena Mayo, Jairo"]
[Result "0-1"]
[WhiteElo "1257"]
[BlackElo "1822"]
[PlyCount "124"]
[EventDate "2021.11.23"]
[EventType "swiss"]
[EventRounds "9"]
[EventCountry "COL"]
[SourceTitle "CBM 205 Extra"]
[Source "ChessBase"]
[SourceDate "2022.01.31"]
[SourceVersion "1"]
[SourceVersionDate "2022.01.31"]
[SourceQuality "1"]

1. e4 c5 2. d4 cxd4 3. c3 dxc3 4. Nxc3 Nc6 5. Nf3 Nf6 6. Bc4 e6 7. Bf4 d6 8. 0-0 Be7 9. Qe2 0-0 10. h3 a6 11. a4 Qc7 12. Rfd1 Rd8 13. Rac1 Bd7 14. Bb3 Qb6 15. Bc2 Qxb2 16. e5 Qb4 17. exf6 Qxf4 18. fxe7 Nxe7 19. Qd3 Nf5 20. Ne2 Qh6 21. Qb3 Bc6 22. Bxf5 exf5 23. Ned4 Rac8 24. Nxc6 bxc6 25. Nd4 c5 26. Nxf5 Qf6 27. Ne3 Qe6 28. Qb6 d5 29. Qb7 d4 30. Nc4 Rb8 31. Qc7 Rdc8 32. Qa5 f6 33. Re1 Qc6 34. Nd2 Rb2 35. Nf3 Qd6 36. Red1 Rbb8 37. Qc3 Qe6 38. Qc4 Kf7 39. Re1 Qxc4 40. Rxc4 Rb4 41. Rec1 Rxc4 42. Rxc4 Ke6 43. Kf1 Kd5 44. Nd2 Rb8 45. Rc1 Rb4 46. a5 c4 47. Ra1 c3 48. Nb1 Kc4 49. Ke2 Rb2+ 50. Ke1 Kd3 51. Na3 c2 52. g3 Kc3 53. Nxc2 Kxc2 54. Rd1 d3 55. Rd2+ Kc3 56. Rxb2 Kxb2 57. Kd2 Kb3 58. Kxd3 Kb4 59. Kd4 Kxa5 60. Kc5 Ka4 61. Kc4 f5 62. f3 g6 0-1

[Event "Barranquilla Region-ch"]
[Site "Barranquilla"]
[Date "2020.01.06"]
[Round "5"]
[White "Pinzon Hereira, Breyner"]
[Black "Varela Sanchez, David Yoel"]
[Result "1-0"]
[WhiteElo "1609"]
[BlackElo "1299"]
[PlyCount "87"]
[EventDate "2020.01.04"]
[EventType "swiss"]
[EventRounds "6"]
[EventCountry "COL"]
[SourceTitle "CBM 194 Extra"]
[Source "ChessBase"]
[SourceDate "2020.03.31"]
[SourceVersion "1"]
[SourceVersionDate "2020.03.31"]
[SourceQuality "1"]

1. e4 e5 2. Nf3 Nc6 3. d4 exd4 4. Nxd4 Qf6 5. Nxc6 Bc5 6. Qf3 Qxf3 7. gxf3 dxc6 8. Be3 Bxe3 9. fxe3 Ne7 10. Nc3 0-0 11. 0-0-0 Be6 12. f4 f5 13. e5 Rad8 14. Be2 b5 15. Rxd8 Rxd8 16. Rd1 Rxd1+ 17. Bxd1 Kf8 18. a3 Ke8 19. Bh5+ g6 20. Bf3 Kf7 21. Kd2 h6 22. h4 Kg7 23. e4 g5 24. exf5 Bxf5 25. fxg5 hxg5 26. hxg5 Kg6 27. Ne4 Nd5 28. Nf6 Be6 29. Nxd5 cxd5 30. Ke3 Kxg5 31. Kd4 c6 32. b4 a6 33. Be2 Kf4 34. Bh5 Bd7 35. Bg6 Kg5 36. Bd3 Kh6 37. Kc5 Kg5 38. Kd6 Be8 39. Bh7 d4 40. Kc5 Kf4 41. Kxd4 Bf7 42. Be4 Be6 43. Bxc6 Bc8 44. Bd5 1-0

[Event "COL-ch U12 sf1"]
[Site "Duitama"]
[Date "2019.04.13"]
[Round "4.19"]
[White "Varela Sanchez, David Yoel"]
[Black "Castiblanco Melo, David"]
[Result "1-0"]
[WhiteElo "1234"]
[BlackElo "1402"]
[PlyCount "84"]
[EventDate "2019.04.11"]
[EventType "swiss"]
[EventRounds "6"]
[EventCountry "COL"]
[SourceTitle "EXT 2024"]
[Source "ChessBase"]
[SourceDate "2023.10.10"]
[SourceVersion "1"]
[SourceVersionDate "2023.10.10"]
[SourceQuality "1"]

1. e4 e5 2. Nf3 Nc6 3. Bc4 Nf6 4. d3 d5 5. exd5 Nxd5 6. 0-0 Bg4 7. Re1 Bd6 8. Bxd5 Nd4 9. Nc3 Nxf3+ 10. Bxf3 Bxf3 11. Qxf3 0-0 12. Qg4 Qf6 13. Nd5 Qe6 14. Qxe6 fxe6 15. Ne3 Rf7 16. Ng4 Bc5 17. Be3 Bd6 18. f3 Rb8 19. Bd2 Bc5+ 20. Kh1 h5 21. Nxe5 Rf5 22. Re2 Bd4 23. Bc3 Rxe5 24. Rxe5 Bxe5 25. Bxe5 Rc8 26. Re1 c5 27. Bg3 Rc6 28. Re5 Rb6 29. b3 Ra6 30. a4 Kf7 31. Rxc5 Kf6 32. Rxh5 Rc6 33. c4 a6 34. h3 Rb6 35. Bh4+ Kg6 36. Rg5+ Kh6 37. Re5 Kh7 38. d4 Rxb3 39. d5 exd5 40. cxd5 Rb1+ 41. Kh2 Rb2 42. Re7 Rd2 1-0

[Event "COL-chT Liga Quintal"]
[Site "Barranquilla"]
[Date "2019.03.25"]
[Round "2.2"]
[White "Varela Sanchez, David Yoel"]
[Black "Ruiz Jaraba, Valentina Sofia"]
[Result "0-1"]
[WhiteElo "1234"]
[BlackElo "1501"]
[PlyCount "96"]
[EventDate "2019.03.17"]
[EventType "team-tourn"]
[EventRounds "7"]
[EventCountry "COL"]
[SourceTitle "EXT 2024"]
[Source "ChessBase"]
[SourceDate "2023.10.10"]
[SourceVersion "1"]
[SourceVersionDate "2023.10.10"]
[SourceQuality "1"]
[WhiteTeam "Quintal D"]
[BlackTeam "Quintal C"]
[WhiteTeamCountry "COL"]
[BlackTeamCountry "COL"]

1. e4 c5 2. Nf3 d6 3. d4 cxd4 4. Nxd4 Nf6 5. Nc3 a6 6. Bc4 e6 7. Bg5 Nbd7 8. 0-0 b5 9. Bd3 Bb7 10. a3 Be7 11. Re1 0-0 12. Nf3 Rc8 13. h3 h6 14. Bd2 Nc5 15. Ne2 Ncxe4 16. Bf4 Nc5 17. Ng3 Nxd3 18. Qxd3 e5 19. Bd2 Qc7 20. Qe3 Nd5 21. Qe4 Nf4 22. Qf5 Bxf3 23. gxf3 Bg5 24. Qg4 Nxh3+ 25. Qxh3 Bxd2 26. Qg4 Qc4 27. Qxc4 Rxc4 28. Red1 Rxc2 29. Ne4 Bf4 30. Rxd6 Ra8 31. b4 f5 32. Nc5 e4 33. Rxa6 Rxa6 34. Nxa6 exf3 35. Nc5 h5 36. Nd3 Bc7 37. Ne1 Rc3 38. a4 bxa4 39. Rxa4 Rc1 40. Kf1 h4 41. b5 h3 42. Rh4 h2 43. b6 Bxb6 44. Rxh2 Ba5 45. Rh8+ Kxh8 46. Kg1 Rxe1+ 47. Kh2 Bc7+ 48. Kh3 Rh1# 0-1